| 000 | 00476cam a2200181ua 4500 | ||
|---|---|---|---|
| 001 | 12146 | ||
| 008 | 200224n ii |||gr||||Z||||||eng | ||
| 020 | _a9789380261539 | ||
| 040 | _cMAIN | ||
| 082 | _a338.179546 | ||
| 100 |
_aManmohan Das, _eAuthor. |
||
| 245 |
_aPeasant agriculture in assam : _bStructural analysis / _cBy Manmohan Das . |
||
| 250 | _a1st rep. | ||
| 260 |
_aGuwahati: _bEBH publishers, _c2012. |
||
| 300 | _a317p. | ||
| 653 | _aProduction | ||
| 942 | _cBK | ||
| 999 |
_c10913 _d10913 |
||